[Event "Open A"]
[Site "Gjovik NOR"]
[Date "2009.01.02"]
[Round "5"]
[White "Savchenko, B."]
[Black "Hammer, J."]
[Result "1-0"]
[WhiteElo "2648"]
[BlackElo "2522"]
[PlyCount "65"]
[EventDate "2008.12.29"]
[SourceDate "1999.07.01"]

1. Nf3 Nf6 2. d4 d5 3. c4 c6 4. Nc3 dxc4 5. a4 Bf5 6. Ne5 Nbd7 7. Nxc4 Nb6 8.
Ne3 Bg6 9. a5 Nbd7 10. g3 e6 11. Bg2 Rc8 12. O-O Be7 13. Nc2 e5 14. e4 exd4 15.
Nxd4 O-O 16. f4 Bc5 17. Kh1 Bh5 18. Qd2 Bb4 19. h3 Nc5 20. e5 Nfe4 21. Qe3
Nxg3+ 22. Qxg3 Qxd4 23. f5 Qd3 24. Be3 f6 25. Rg1 g6 26. fxg6 hxg6 27. Rad1 Qf5
28. Rdf1 Qxe5 29. Bf4 Qe8 30. Bd6 Rf7 31. Rf5 Rg7 32. Bxc5 gxf5 33. Bd5+ 1-0

[Event "38th Rilton Cup 2008-9"]
[Site "Stockholm SWE"]
[Date "2009.01.03"]
[Round "7"]
[White "Wojtaszek, R."]
[Black "Ivanov, Sergey1"]
[Result "1/2-1/2"]
[WhiteElo "2599"]
[BlackElo "2547"]
[PlyCount "63"]
[EventDate "2008.12.27"]
[SourceDate "1999.07.01"]

1. d4 d5 2. c4 c6 3. Nf3 Nf6 4. Nc3 dxc4 5. a4 Bf5 6. e3 e6 7. Bxc4 Bb4 8. O-O
O-O 9. Qe2 Nbd7 10. e4 Bg6 11. Bd3 Bh5 12. e5 Nd5 13. Nxd5 cxd5 14. Qe3 Bg6 15.
Bxg6 fxg6 16. a5 Rc8 17. Ng5 Re8 18. Ra4 Bxa5 19. Qf3 Re7 20. Nxe6 Rxe6 21.
Qxd5 Nc5 22. Qxd8+ Bxd8 23. dxc5 Rxe5 24. Be3 a6 25. g3 Bg5 26. Rb4 Bxe3 27.
fxe3 Re7 28. Rd4 Rce8 29. Rb4 Rc7 30. Rb6 Rxe3 31. c6 Re6 32. Rxb7 1/2-1/2

[Event "68th ch-GEO"]
[Site "Tbilisi GEO"]
[Date "2009.01.27"]
[Round "10"]
[White "Arutinian, D."]
[Black "Gagunashvili, M."]
[Result "0-1"]
[WhiteElo "2586"]
[BlackElo "2585"]
[PlyCount "134"]
[EventDate "2009.01.17"]
[SourceDate "1999.07.01"]

1. d4 d5 2. c4 c6 3. Nf3 Nf6 4. Nc3 dxc4 5. a4 Bf5 6. e3 e6 7. Bxc4 Bb4 8. O-O
O-O 9. Nh4 Bg4 10. f3 Bh5 11. g4 Bg6 12. Qb3 Qe7 13. Nxg6 hxg6 14. g5 Nd5 15.
e4 Nb6 16. Na2 Bc5 17. Be3 Nxc4 18. Qxc4 Bb6 19. f4 Nd7 20. Nc3 e5 21. fxe5
Nxe5 22. Qe2 Rad8 23. Rad1 a5 24. Kh1 Nd7 25. Rf3 Qe6 26. Qg2 Rfe8 27. Rh3 Bc7
28. d5 cxd5 29. exd5 Qa6 30. Rd4 Be5 31. Rdh4 f5 32. gxf6 Bxf6 33. Rh8+ Kf7 34.
Rxe8 Rxe8 35. Nb5 Re5 36. b3 Nb6 37. Bxb6 Qxb6 38. Qd2 Qc5 39. Rd3 Rg5 40. Qd1
Qf2 41. Rd2 Qf4 42. Rg2 Be5 43. d6 Qe4 44. Qf1+ Rf5 45. Qe2 Qd5 46. Qc4 Qxc4
47. bxc4 Rf1+ 48. Rg1 Rxg1+ 49. Kxg1 b6 50. h3 Ke6 51. Kf2 Bxd6 52. Ke3 Ke5 53.
Kd3 Bc5 54. Nc7 g5 55. Nd5 Kf5 56. Nc7 g4 57. hxg4+ Kxg4 58. Ke4 g5 59. Nd5 Kh3
60. Kf5 g4 61. Nf4+ Kg3 62. Nd3 Kh4 63. Kf4 Kh3 64. Ke4 Kh2 65. Nf4 Bd6 66. Ne2
g3 67. Kd5 Bc5 0-1

[Event "7th Gibtelecom Masters"]
[Site "Caleta ENG"]
[Date "2009.02.03"]
[Round "8"]
[White "Avrukh, B."]
[Black "Hammer, J."]
[Result "1/2-1/2"]
[WhiteElo "2645"]
[BlackElo "2532"]
[PlyCount "117"]
[EventDate "2009.01.27"]
[SourceDate "1999.07.01"]

1. d4 d5 2. c4 c6 3. Nf3 Nf6 4. Nc3 dxc4 5. a4 Bf5 6. Ne5 Nbd7 7. Nxc4 Nb6 8.
Ne5 a5 9. e3 h6 10. Bd3 Bxd3 11. Nxd3 e6 12. Qb3 Be7 13. O-O O-O 14. Bd2 Rb8
15. Ne2 Nbd5 16. Rfc1 Nb4 17. Nxb4 Bxb4 18. Bxb4 Qb6 19. Qc4 Qxb4 20. Qxb4 axb4
21. Rc4 Ra8 22. Rxb4 Ra7 23. f3 Nd5 24. Rb3 b5 25. a5 Rfa8 26. e4 Nb6 27. Rc3
Rxa5 28. Rxa5 Rxa5 29. b3 Kf8 30. Rxc6 Nd7 31. Kf2 Ra2 32. Rc7 Ke8 33. Rb7 e5
34. dxe5 Nxe5 35. Ke3 Nc6 36. Rc7 Na5 37. Nd4 b4 38. Nf5 Rxg2 39. Nd6+ Kd8 40.
Ra7 Nxb3 41. Nxf7+ Ke8 42. Nd6+ Kd8 43. f4 Nc5 44. Kd4 Nd7 45. e5 b3 46. Nb7+
Ke8 47. e6 Rd2+ 48. Kc3 b2 49. exd7+ Kxd7 50. Na5+ Kc8 51. Rb7 Rd5 52. Kxb2
Rxa5 53. Rxg7 Rf5 54. Rg4 h5 55. Rh4 Kd7 56. Kc3 Ke6 57. Kd4 Ra5 58. Kc4 Kf6
59. Rh3 1/2-1/2

[Event "7th Gibtelecom Masters"]
[Site "Caleta ENG"]
[Date "2009.02.05"]
[Round "10"]
[White "Cramling, P."]
[Black "Hammer, J."]
[Result "1-0"]
[WhiteElo "2548"]
[BlackElo "2532"]
[PlyCount "111"]
[EventDate "2009.01.27"]
[SourceDate "1999.07.01"]

1. d4 d5 2. Nf3 Nf6 3. c4 c6 4. Nc3 dxc4 5. a4 Bf5 6. Ne5 Nbd7 7. Nxc4 Nb6 8.
Ne5 a5 9. e3 g6 10. Bd3 Be6 11. Be2 Bg7 12. e4 Nfd7 13. Nf3 Bg4 14. O-O O-O 15.
h3 Bxf3 16. Bxf3 Qc7 17. e5 c5 18. Nb5 Qb8 19. Bg5 cxd4 20. Bxe7 Nxe5 21. Bd6
Qd8 22. Bxb7 Rb8 23. Be4 Qh4 24. Re1 d3 25. Bxd3 Nxd3 26. Qxd3 Nxa4 27. Bxf8
Bxf8 28. Qd4 Qxd4 29. Nxd4 Nxb2 30. Reb1 Bg7 31. Nc6 Rb6 32. Nxa5 Bd4 33. Ra3
Rf6 34. Rf1 Bb6 35. Rb3 Bxa5 36. Rxb2 h5 37. g3 Bb6 38. Kg2 Kg7 39. Rd1 Bc5 40.
Rd3 Bb6 41. Rdb3 Bd4 42. Rd2 Be5 43. Rd5 Ba1 44. Rbd3 Ra6 45. Rd6 Rxd6 46. Rxd6
f5 47. Kf3 Be5 48. Re6 Bc3 49. Ke2 Kf7 50. Rd6 Be5 51. Rc6 Bd4 52. Rc2 Kf6 53.
Kd3 Ba7 54. h4 f4 55. Ke4 fxg3 56. Rc6+ 1-0

[Event "Open A"]
[Site "Moscow RUS"]
[Date "2009.02.04"]
[Round "5"]
[White "Rychagov, A."]
[Black "Khalifman, A."]
[Result "1/2-1/2"]
[WhiteElo "2515"]
[BlackElo "2622"]
[PlyCount "34"]
[EventDate "2009.01.31"]
[SourceDate "1999.07.01"]

1. d4 d5 2. c4 c6 3. Nf3 Nf6 4. Nc3 dxc4 5. a4 Bf5 6. e3 e6 7. Bxc4 Bb4 8. O-O
Nbd7 9. Qe2 Bg6 10. e4 O-O 11. Bd3 Bh5 12. e5 Nd5 13. Bd2 Be7 14. Nxd5 cxd5 15.
Qe3 Nb8 16. Rfc1 Nc6 17. Ne1 Bg6 1/2-1/2

[Event "TCh-NED 2008-9"]
[Site "Netherlands NED"]
[Date "2009.02.07"]
[Round "5"]
[White "Ftacnik, L."]
[Black "Sokolov, Iv NED"]
[Result "1/2-1/2"]
[WhiteElo "2544"]
[BlackElo "2658"]
[PlyCount "69"]
[EventDate "2008.09.27"]
[SourceDate "1999.07.01"]

1. d4 d5 2. Nf3 c6 3. c4 Nf6 4. Nc3 dxc4 5. a4 Bf5 6. Ne5 Nbd7 7. Nxc4 Nb6 8.
Ne5 a5 9. g3 g6 10. Bg2 Bg7 11. e4 Be6 12. O-O Nfd7 13. Nxd7 Bxd7 14. Be3 Nc4
15. Qb3 Nxe3 16. fxe3 O-O 17. e5 Rb8 18. Ne4 Be6 19. Qc2 Bd5 20. Rad1 Bh6 21.
Rfe1 Bxe4 22. Bxe4 e6 23. Qc3 Qb6 24. Rb1 Qb4 25. Qxb4 axb4 26. Rbc1 Ra8 27. b3
Rfd8 28. Kf2 Ra5 29. Ke2 Bf8 30. Red1 Be7 31. Bg2 Kg7 32. Bf3 Rd7 33. Bg2 h5
34. Rd3 Rd8 35. Rdd1 1/2-1/2

[Event "XXVI SuperGM"]
[Site "Linares ESP"]
[Date "2009.02.24"]
[Round "5"]
[White "Ivanchuk, V."]
[Black "Anand, V."]
[Result "1/2-1/2"]
[WhiteElo "2779"]
[BlackElo "2791"]
[PlyCount "129"]
[EventDate "2009.02.19"]
[SourceDate "1999.07.01"]

1. d4 d5 2. c4 c6 3. Nf3 Nf6 4. Nc3 dxc4 5. a4 Bf5 6. e3 e6 7. Bxc4 Bb4 8. O-O
O-O 9. Qe2 Nbd7 10. e4 Bg6 11. Bd3 Bh5 12. e5 Nd5 13. Nxd5 cxd5 14. Qe3 Re8 15.
Ne1 Bg6 16. Bxg6 hxg6 17. Nd3 Qb6 18. Nxb4 Qxb4 19. b3 Rac8 20. Ba3 Qc3 21.
Rac1 Qxe3 22. fxe3 f6 23. Bd6 a5 24. Bc7 fxe5 25. dxe5 b6 26. Rc3 Rf8 27. Rfc1
Rf5 28. g4 Rf7 29. Bd6 Nc5 30. Bxc5 bxc5 31. Rxc5 Rcf8 32. Rxa5 Rf3 33. Ra7 g5
34. Re1 d4 35. exd4 Rxb3 36. Rf1 Rd3 37. Rxf8+ Kxf8 38. a5 Rxd4 39. h3 Kg8 40.
a6 Ra4 41. Kf2 Ra5 42. Kf3 Rxe5 43. Re7 Kh7 44. Re8 Ra5 45. Rxe6 Ra3+ 46. Ke4
Rxh3 47. Kd5 Rc3 48. Rb6 g6 49. Kd6 Kh6 50. Rb8 Ra3 51. Ra8 Kg7 52. Kc5 Ra1 53.
Kb6 Rb1+ 54. Ka7 Rb4 55. Rb8 Rxg4 56. Rb5 Ra4 57. Rxg5 Rb4 58. Rc5 Kh6 59. Rc6
Kh5 60. Rb6 Rf4 61. Rb5+ g5 62. Kb6 Rf6+ 63. Ka5 Rf7 64. Kb6 Rf6+ 65. Ka5
1/2-1/2

[Event "25th Open"]
[Site "Cappelle la Grande FRA"]
[Date "2009.03.02"]
[Round "4"]
[White "Korobov, A."]
[Black "Rusev, K."]
[Result "1/2-1/2"]
[WhiteElo "2613"]
[BlackElo "2546"]
[PlyCount "115"]
[EventDate "2009.02.28"]
[SourceDate "1999.07.01"]

1. d4 d5 2. c4 c6 3. Nc3 Nf6 4. Nf3 dxc4 5. a4 Bf5 6. e3 e6 7. Bxc4 Bb4 8. O-O
O-O 9. Qe2 Nbd7 10. e4 Bg6 11. Bd3 Bh5 12. e5 Nd5 13. Nxd5 cxd5 14. Qe3 Be7 15.
a5 Nb8 16. Bd2 a6 17. Bc3 Nc6 18. Nd2 Bg6 19. Be2 b6 20. f4 bxa5 21. g4 Qc8 22.
h4 f5 23. exf6 gxf6 24. h5 Bf7 25. Nf3 Kh8 26. Rf2 Bd6 27. Raf1 Qc7 28. Nh4
Rae8 29. Bd3 f5 30. h6 fxg4 31. Bxa6 Qe7 32. Ng2 Qf6 33. Bb5 Ne7 34. Bxe8 Rxe8
35. f5 Nxf5 36. Qd2 Bf8 37. Bxa5 Bxh6 38. Qd3 Bg6 39. Bc7 Kg8 40. Be5 Qd8 41.
Nf4 Bxf4 42. Rxf4 Qh4 43. R4f2 Qg5 44. b4 g3 45. Rg2 Qe3+ 46. Qxe3 Nxe3 47.
Rxg3 Nxf1 48. Kxf1 Ra8 49. Rb3 Bc2 50. Rc3 Ra1+ 51. Kf2 Ba4 52. Rc7 Rb1 53. Rb7
Rb3 54. Rg7+ Kf8 55. Rxh7 Rxb4 56. Bd6+ Kg8 57. Bxb4 Kxh7 58. Be1 1/2-1/2

[Event "16th Voronezh Master Open"]
[Site "?"]
[Date "2012.??.??"]
[Round "9"]
[White "Kovalenko, I."]
[Black "Romanov, E."]
[Result "1-0"]
[WhiteElo "2560"]
[BlackElo "2630"]
[PlyCount "115"]
[EventDate "2012.??.??"]
[SourceDate "1999.07.01"]

1. d4 d5 2. c4 c6 3. Nf3 Nf6 4. Nc3 dxc4 5. a4 Bf5 6. Ne5 Nbd7 7. Nxc4 Qc7 8.
g3 e5 9. dxe5 Nxe5 10. Bf4 Nfd7 11. Bg2 g5 12. Bxe5 Nxe5 13. Qd4 f6 14. a5 Be6
15. Nxe5 Qxe5 16. Qxe5 fxe5 17. a6 O-O-O 18. axb7+ Kxb7 19. Ra5 Kb6 20. Rxe5
Bb3 21. O-O Bg7 22. Re4 a5 23. Na4+ Kb5 24. Re7 Bxa4 25. Rxg7 Bd1 26. Rb7+ Kc5
27. Rc7 Ba4 28. Rc1+ Kb6 29. Rg7 Rd2 30. b3 Bb5 31. Bf3 Rhd8 32. Rc3 h6 33. Rg6
R8d6 34. Rxd6 Rxd6 35. Bh5 Rd1+ 36. Kg2 Rd2 37. e4 Rd3 38. Rxd3 Bxd3 39. Kf3
Kc5 40. Ke3 Bc2 41. Bf7 g4 42. e5 Bd1 43. Bg8 a4 44. bxa4 Bxa4 45. Kf4 Kd4 46.
e6 c5 47. e7 Be8 48. Kxg4 Ke5 49. Bc4 Kd4 50. Bg8 Ke5 51. Ba2 Kf6 52. Kf4 Kxe7
53. Ke5 Bh5 54. f4 Bg4 55. Bc4 Bf3 56. f5 Bh5 57. h3 Be8 58. g4 1-0

[Event "73rd Noteboom Mem"]
[Site "Leiden NED"]
[Date "2013.02.09"]
[Round "3.3"]
[White "Ikonnikov, Vy"]
[Black "Andriasian, Z."]
[Result "1/2-1/2"]
[WhiteElo "2537"]
[BlackElo "2608"]
[PlyCount "48"]
[EventDate "2013.02.08"]
[SourceDate "1999.07.01"]

1. d4 Nf6 2. Nf3 d5 3. c4 c6 4. Nc3 dxc4 5. a4 Bf5 6. e3 e6 7. Bxc4 Bb4 8. O-O
O-O 9. Qe2 Nbd7 10. e4 Bg6 11. Bd3 Bh5 12. e5 Nd5 13. Nxd5 cxd5 14. Qe3 Re8 15.
Ng5 Bg6 16. Bxg6 fxg6 17. Qh3 Nf8 18. Qg4 Rc8 19. h4 h6 20. Nh3 Qd7 21. Be3 Rc2
22. Nf4 Qf7 23. Nd3 Be7 24. g3 Rec8 1/2-1/2

[Event "11th Gibraltar Masters"]
[Site "Caleta ENG"]
[Date "2013.01.30"]
[Round "9.1"]
[White "Short, N."]
[Black "Vitiugov, N."]
[Result "1/2-1/2"]
[WhiteElo "2690"]
[BlackElo "2694"]
[PlyCount "77"]
[EventDate "2013.01.22"]
[SourceDate "1999.07.01"]

1. d4 d5 2. c4 c6 3. Nf3 Nf6 4. Nc3 dxc4 5. a4 Bf5 6. Nh4 Bc8 7. e3 e6 8. Bxc4
c5 9. O-O cxd4 10. exd4 Be7 11. Nf3 Nc6 12. Bf4 O-O 13. Re1 Bd7 14. d5 exd5 15.
Nxd5 Nxd5 16. Bxd5 Be6 17. Bxe6 fxe6 18. g3 Qd5 19. Qxd5 exd5 20. Rad1 Rad8 21.
Kg2 Rd7 22. Re2 h6 23. Red2 Rfd8 24. Ne5 Nxe5 25. Bxe5 Kf7 26. Bd4 b6 27. f4
Rc8 28. Kf3 Bb4 29. Rd3 Rc2 30. h3 g6 31. g4 Ke6 32. Re3+ Kf7 33. Re2 Rdc7 34.
Rd3 Rxe2 35. Kxe2 Rc2+ 36. Kf3 Rh2 37. Kg3 Rc2 38. Bh8 Ke6 39. Re3+ 1/2-1/2

[Event "Asian Zone 3.3"]
[Site "Tagaytay City PHI"]
[Date "2013.01.28"]
[Round "8.3"]
[White "Megaranto, S."]
[Black "Paragua, M."]
[Result "1-0"]
[WhiteElo "2529"]
[BlackElo "2519"]
[PlyCount "135"]
[EventDate "2013.01.22"]
[SourceDate "1999.07.01"]

1. d4 d5 2. Nf3 Nf6 3. c4 c6 4. Nc3 dxc4 5. a4 Bf5 6. e3 e6 7. Bxc4 Bb4 8. O-O
Nbd7 9. h3 O-O 10. Nh4 Bg6 11. Nxg6 hxg6 12. Qc2 Qe7 13. Rd1 Rfd8 14. Na2 Bd6
15. Bd2 c5 16. dxc5 Nxc5 17. Rac1 a6 18. Be2 Rdc8 19. Bf3 e5 20. Bc3 e4 21. Be2
b5 22. axb5 axb5 23. Nb4 Rab8 24. Qd2 Be5 25. Bxe5 Qxe5 26. Qd4 Qg5 27. Qd6 Nb3
28. Rc3 Ne8 29. Rxc8 Rxc8 30. Qd7 Rb8 31. Nc6 Nf6 32. Qe7 Re8 33. Qb4 Qc5 34.
Qxc5 Nxc5 35. Bxb5 Re6 36. Rd8+ Kh7 37. Rf8 Nb7 38. Nd4 Rb6 39. Rb8 Nd5 40. Bc6
Nc5 41. Rxb6 Nxb6 42. Kf1 Kg8 43. Ke2 Kf8 44. b3 Ke7 45. Kd2 Kd6 46. Be8 Ke7
47. Bc6 Kd6 48. Bb5 Ncd7 49. Bxd7 Nxd7 50. Ne2 Nc5 51. Nc1 Kd5 52. Kc3 Nd7 53.
Ne2 Ne5 54. Nf4+ Kd6 55. Kd4 f5 56. h4 Nc6+ 57. Kc4 Ne5+ 58. Kc3 Ng4 59. Nxg6
Nxf2 60. Nf4 Ng4 61. Kd4 Ne5 62. Nh5 Nc6+ 63. Kc3 Ke5 64. g3 g6 65. Nf4 Kf6 66.
b4 g5 67. Nh3 gxh4 68. gxh4 1-0

[Event "13th ch-CRO 2013"]
[Site "Plitvicka Jezera CRO"]
[Date "2013.01.29"]
[Round "9.1"]
[White "Saric, A."]
[Black "Martinovic, Sa"]
[Result "1/2-1/2"]
[WhiteElo "2540"]
[BlackElo "2538"]
[PlyCount "49"]
[EventDate "2013.01.21"]
[SourceDate "1999.07.01"]

1. Nf3 d5 2. d4 Nf6 3. c4 c6 4. Nc3 dxc4 5. a4 Bf5 6. e3 e6 7. Bxc4 Bb4 8. O-O
Nbd7 9. Qe2 O-O 10. e4 Bg6 11. Bd3 Bh5 12. e5 Nd5 13. Nxd5 cxd5 14. Qe3 Be7 15.
Ng5 Bxg5 16. Qxg5 Bg6 17. Be2 Qxg5 18. Bxg5 Nb8 19. Rfc1 Nc6 20. Be3 Rfc8 21.
Rc3 Nb4 22. Rac1 Nc2 23. Rxc8+ Rxc8 24. Bd1 Rc6 25. Bxc2 1/2-1/2

[Event "13th ch-CRO 2013"]
[Site "Plitvicka Jezera CRO"]
[Date "2013.01.25"]
[Round "5.1"]
[White "Kuljasevic, D."]
[Black "Martinovic, Sa"]
[Result "1/2-1/2"]
[WhiteElo "2557"]
[BlackElo "2538"]
[PlyCount "170"]
[EventDate "2013.01.21"]
[SourceDate "1999.07.01"]

1. Nf3 d5 2. d4 Nf6 3. c4 c6 4. Nc3 dxc4 5. a4 Bf5 6. e3 e6 7. Bxc4 Bb4 8. O-O
Nbd7 9. Qe2 O-O 10. e4 Bg6 11. Bd3 Bh5 12. e5 Nd5 13. Nxd5 cxd5 14. Qe3 Be7 15.
Ng5 Bxg5 16. Qxg5 Bg6 17. Be2 Qxg5 18. Bxg5 Nb8 19. Bd2 Nc6 20. Bc3 a5 21. h4
h6 22. h5 Bh7 23. Rfd1 Rfc8 24. Rd2 Rc7 25. f3 Rac8 26. Kf2 Nb4 27. Ra3 Bc2 28.
Bb5 g6 29. hxg6 fxg6 30. Ke3 g5 31. Rf2 Rf8 32. Rf1 Rcf7 33. Kd2 g4 34. Bxb4
axb4 35. Raa1 Bb3 36. fxg4 Rf2+ 37. Ke3 Rxg2 38. Rxf8+ Kxf8 39. Be2 Bc4 40.
Bxc4 dxc4 41. Rc1 c3 42. bxc3 bxc3 43. Kd3 Rxg4 44. Kxc3 Rg7 45. Rh1 Rh7 46. d5
exd5 47. Kd4 h5 48. Rh4 Ke7 49. Kxd5 Rh8 50. Rb4 Rd8+ 51. Ke4 Rd1 52. Rxb7+ Ke6
53. Rb6+ Ke7 54. a5 h4 55. a6 h3 56. Rb7+ Ke6 57. Rh7 Ra1 58. Rh6+ Ke7 59. Rh7+
Ke6 60. Rh6+ Ke7 61. a7 h2 62. Rxh2 Rxa7 63. Rh7+ Ke6 64. Rh6+ Kf7 65. Kf5 Ra1
66. Rh7+ Kf8 67. Kf6 Rf1+ 68. Ke6 Ra1 69. Rh8+ Kg7 70. Rd8 Re1 71. Ra8 Rb1 72.
Ra2 Rb6+ 73. Kd7 Rb7+ 74. Kc6 Rb1 75. Rf2 Ra1 76. Kd5 Ra5+ 77. Ke4 Ra4+ 78. Kd5
Ra5+ 79. Kd6 Ra6+ 80. Kc5 Ra5+ 81. Kd4 Ra4+ 82. Ke3 Ra3+ 83. Ke4 Ra4+ 84. Kf5
Kf7 85. Rh2 Ra6 1/2-1/2

[Event "73rd ch-ARM 2013"]
[Site "Yerevan ARM"]
[Date "2013.01.13"]
[Round "2.4"]
[White "Pashikian, A."]
[Black "Petrosian, TL."]
[Result "0-1"]
[WhiteElo "2607"]
[BlackElo "2648"]
[PlyCount "76"]
[EventDate "2013.01.12"]
[SourceDate "1999.07.01"]

1. d4 d5 2. c4 c6 3. Nf3 Nf6 4. Nc3 dxc4 5. a4 Bf5 6. Ne5 Nbd7 7. Nxc4 Qc7 8.
g3 e5 9. dxe5 Nxe5 10. Bf4 Nfd7 11. Bg2 g5 12. Ne3 gxf4 13. Nxf5 O-O-O 14. Qc2
Nc5 15. O-O fxg3 16. hxg3 a5 17. Rfd1 h5 18. Rxd8+ Qxd8 19. Rd1 Qf6 20. Ne4
Nxe4 21. Qxe4 Bb4 22. Bh3 Kb8 23. Qd4 Qe6 24. Kg2 f6 25. Ne3 Qe7 26. Qe4 Re8
27. Nf5 Qf8 28. Qh4 Rd8 29. Rxd8+ Qxd8 30. Qxh5 Bc5 31. Nh4 Qd1 32. Qh8+ Ka7
33. Qxf6 Qxe2 34. b3 Nd3 35. Qf5 Bb6 36. Bg4 Qd2 37. Qf7 Nxf2 38. Qd7 Qe1 0-1

[Event "73rd ch-ARM 2013"]
[Site "Yerevan ARM"]
[Date "2013.01.14"]
[Round "3.1"]
[White "Kotanjian, T."]
[Black "Andriasian, Z."]
[Result "1/2-1/2"]
[WhiteElo "2518"]
[BlackElo "2598"]
[PlyCount "157"]
[EventDate "2013.01.12"]
[SourceDate "1999.07.01"]

1. d4 d5 2. c4 c6 3. Nf3 Nf6 4. Nc3 dxc4 5. a4 Bf5 6. Ne5 Nbd7 7. Nxc4 Qc7 8.
g3 e5 9. dxe5 Nxe5 10. Bf4 Nfd7 11. Bg2 g5 12. Ne3 gxf4 13. Nxf5 O-O-O 14. Qc2
fxg3 15. hxg3 Kb8 16. Rd1 h5 17. Kf1 a5 18. Ne4 Bb4 19. Qb3 Nb6 20. Ne3 f5 21.
Rxd8+ Rxd8 22. Nc3 Ng4 23. Nxg4 hxg4 24. e3 Bxc3 25. Qxc3 Qd6 26. Kg1 Qd1+ 27.
Bf1 Qxa4 28. Rh7 Nd5 29. Qe5+ Ka7 30. Qxf5 Qb4 31. Rf7 Nb6 32. Qe6 Rd6 33. Qe7
Nd5 34. Qe5 Nb6 35. Rf4 Nd7 36. Qe7 Rd4 37. Qg7 Rxf4 38. gxf4 Nc5 39. f5 Qd2
40. Qe5 Nd7 41. Qe7 Qd5 42. Bg2 Qxf5 43. e4 Qe5 44. Qxd7 Qxb2 45. Qf5 Qc3 46.
e5 a4 47. e6 a3 48. Qxg4 b5 49. Qe2 Qa1+ 50. Qf1 Qxf1+ 51. Bxf1 a2 52. e7 a1=Q
53. e8=Q Kb6 54. Qd8+ Kc5 55. Qe7+ Kb6 56. Kg2 Qb1 57. Qd8+ Kc5 58. Bd3 Qe1 59.
Qf8+ Kb6 60. Qb8+ Kc5 61. Qf4 Qc3 62. Qe3+ Kb4 63. f4 c5 64. Kf3 c4 65. Be4 Qa1
66. Qd2+ Kc5 67. Qf2+ Kb4 68. f5 Qh8 69. Qd2+ c3 70. Qd6+ Kb3 71. Qe6+ Kb2 72.
f6 b4 73. f7 b3 74. Bg6 c2 75. Bxc2 bxc2 76. Qb6+ Ka2 77. Qa5+ Kb1 78. Qb4+ Ka2
79. Ke4 1/2-1/2

[Event "Margaryan Mem 2013"]
[Site "Yerevan ARM"]
[Date "2013.01.09"]
[Round "2.3"]
[White "Zilka, S."]
[Black "Gabuzyan, H."]
[Result "1/2-1/2"]
[WhiteElo "2529"]
[BlackElo "2525"]
[PlyCount "75"]
[EventDate "2013.01.08"]
[SourceDate "1999.07.01"]

1. d4 d5 2. c4 c6 3. Nf3 Nf6 4. Nc3 dxc4 5. a4 Bf5 6. Ne5 Nbd7 7. Nxc4 Qc7 8.
g3 e5 9. dxe5 Nxe5 10. Bf4 Nfd7 11. Bg2 g5 12. Bxe5 Nxe5 13. Qd4 f6 14. O-O-O
Be7 15. Ne3 Bg6 16. Ne4 O-O 17. f4 gxf4 18. gxf4 Rad8 19. Qc3 f5 20. Ng3 Nf7
21. Rdf1 Nd6 22. Bd5+ Rf7 23. Be6 Bh4 24. Rhg1 Re8 25. Bxf7+ Qxf7 26. Rd1 Bf6
27. Qc2 Qe6 28. Ngxf5 Nxf5 29. Nxf5 Qxe2 30. Qxe2 Rxe2 31. Rd2 Re4 32. Nh6+ Kg7
33. f5 Rxa4 34. Kc2 Kxh6 35. fxg6 hxg6 36. Rdg2 g5 37. Rg4 Ra5 38. h4 1/2-1/2

[Event "World Cities Team KO"]
[Site "Al-Ain UAE"]
[Date "2012.12.26"]
[Round "2.6"]
[White "Banikas, H."]
[Black "Kvon, A."]
[Result "1/2-1/2"]
[WhiteElo "2620"]
[BlackElo "2501"]
[PlyCount "56"]
[EventDate "2012.12.22"]
[SourceDate "1999.07.01"]
[WhiteTeam "Athens"]
[BlackTeam "Tashkent"]

1. d4 d5 2. c4 c6 3. Nf3 Nf6 4. Nc3 dxc4 5. a4 Bf5 6. e3 e6 7. Bxc4 Bb4 8. O-O
Nbd7 9. Qe2 Bg6 10. e4 O-O 11. Bd3 Re8 12. Bf4 Bh5 13. e5 Nd5 14. Nxd5 cxd5 15.
Qe3 a6 16. Ng5 Bg6 17. Bxg6 fxg6 18. Qd3 Nf8 19. Rfc1 Be7 20. Nf3 Qd7 21. b3
Rec8 22. h4 Rxc1+ 23. Rxc1 Rc8 24. Rc2 Rc6 25. Bg5 Bb4 26. Bd2 Be7 27. Bg5 Bb4
28. Bd2 Be7 1/2-1/2

[Event "World Cities Team GpA"]
[Site "Al-Ain UAE"]
[Date "2012.12.22"]
[Round "1.6"]
[White "Howell, D."]
[Black "Tikkanen, H."]
[Result "1-0"]
[WhiteElo "2634"]
[BlackElo "2575"]
[PlyCount "153"]
[EventDate "2012.12.22"]
[SourceDate "1999.07.01"]
[WhiteTeam "London"]
[BlackTeam "Lund-Linkoping"]

1. d4 d5 2. c4 c6 3. Nf3 Nf6 4. Nc3 dxc4 5. a4 Bf5 6. Ne5 Nbd7 7. Nxc4 Nb6 8.
Ne5 a5 9. g3 e6 10. Bg2 Bb4 11. O-O O-O 12. e3 h6 13. Qe2 Bh7 14. Rd1 Nfd7 15.
Nd3 Qe7 16. e4 Rad8 17. Nxb4 Qxb4 18. Bf1 f5 19. e5 Nb8 20. Be3 Na6 21. f4 Qe7
22. Qf2 Rf7 23. Bd2 Nb4 24. Na2 N6d5 25. Nxb4 axb4 26. a5 Ra8 27. Rdc1 Qc7 28.
Rc5 Rff8 29. Qe1 b6 30. axb6 Qxb6 31. Rac1 Ra2 32. b3 Ra3 33. Qf2 Rc8 34. Bb5
Rxb3 35. Bxc6 Rd8 36. Rb5 Qa6 37. Bxd5 exd5 38. Rxb4 Rxb4 39. Bxb4 Bg6 40. h3
Rb8 41. Be1 Rc8 42. Qb2 Rxc1 43. Qxc1 Qe2 44. Bf2 Kh7 45. Qb1 Qa6 46. Qc2 Qe6
47. Kh2 Bh5 48. g4 Bg6 49. Qe2 Be8 50. Kg3 Bd7 51. Qf3 Qf7 52. g5 Be6 53. h4 h5
54. Qa3 Qb7 55. Qd6 Qd7 56. Qb6 Qc8 57. Kg2 Bf7 58. Qc5 Qb7 59. Qd6 Qc8 60. g6+
Bxg6 61. Qxd5 Qc3 62. e6 Be8 63. Qxf5+ Bg6 64. Qe5 Qd3 65. Kh2 Qf3 66. Qe3 Qg4
67. d5 Be8 68. Qe4+ Bg6 69. Qe3 Be8 70. Bg3 Qd1 71. Qe4+ g6 72. Bf2 Qd2 73. Kg3
Qd1 74. Qe5 Qd3+ 75. Kh2 Bb5 76. e7 Qf3 77. Bd4 1-0

[Event "Amplico ch-EUR Blitz"]
[Site "Warsaw POL"]
[Date "2012.12.14"]
[Round "10.2"]
[White "Le Roux, JP."]
[Black "Petrosian, TL."]
[Result "0-1"]
[WhiteElo "2569"]
[BlackElo "2648"]
[PlyCount "108"]
[EventDate "2012.12.14"]
[SourceDate "1999.07.01"]

1. d4 d5 2. Nf3 c6 3. c4 Nf6 4. Nc3 dxc4 5. a4 Bf5 6. Ne5 Nbd7 7. Nxc4 Qc7 8.
g3 e5 9. dxe5 Nxe5 10. Bf4 Nfd7 11. Bg2 g5 12. Bxe5 Nxe5 13. Ne3 Bg6 14. Rc1
Rd8 15. Qb3 Qb6 16. Qxb6 axb6 17. O-O Bc5 18. Nc2 Rd2 19. Be4 f5 20. Bg2 O-O
21. b4 Be7 22. Rfd1 Rfd8 23. Rxd2 Rxd2 24. Kf1 Bf6 25. Na3 Rb2 26. b5 Rb3 27.
Nab1 Kg7 28. Nd2 Rb2 29. Ke1 g4 30. bxc6 bxc6 31. Nd1 Ra2 32. Nc3 Ra3 33. Ndb1
Rb3 34. Nd2 Rb2 35. Nd1 Ra2 36. Rb1 Bg5 37. Ne3 Rxa4 38. Rxb6 Ra1+ 39. Rb1
Rxb1+ 40. Nxb1 f4 41. gxf4 Bxf4 42. Nd2 Bxh2 43. Ndc4 Nxc4 44. Nxc4 c5 45. Bd5
h5 46. Kf1 Kf6 47. Kg2 Bc7 48. Ne3 Ke5 49. Bc6 Kd4 50. Bb7 Bf4 51. Nd1 Bc7 52.
e3+ Kc4 53. Ba6+ Kb3 54. Bb7 Kc2 0-1

[Event "5th Kolkata Open"]
[Site "Kolkata IND"]
[Date "2012.12.07"]
[Round "5.2"]
[White "Wojtaszek, R."]
[Black "Oleksienko, M."]
[Result "1-0"]
[WhiteElo "2734"]
[BlackElo "2573"]
[PlyCount "99"]
[EventDate "2012.12.03"]
[SourceDate "1999.07.01"]

1. d4 d5 2. c4 c6 3. Nf3 Nf6 4. Nc3 dxc4 5. a4 Bf5 6. Ne5 Nbd7 7. Nxc4 Nb6 8.
Ne5 a5 9. f3 Nfd7 10. Nxd7 Nxd7 11. e4 Bg6 12. Be2 f6 13. d5 e6 14. dxe6 Nc5
15. Bc4 Qxd1+ 16. Nxd1 Bd6 17. h4 h5 18. Ne3 Ke7 19. Nf5+ Bxf5 20. exf5 Nxa4
21. Ke2 b5 22. Bb3 g6 23. fxg6 Nc5 24. Bc2 Nxe6 25. Be3 Be5 26. Be4 Bxb2 27.
Ra2 Bc3 28. Bxc6 Rac8 29. Bxb5 f5 30. Bd3 Kf6 31. Rc1 Rhe8 32. Kf1 Bb4 33. g4
Rxc1+ 34. Bxc1 hxg4 35. fxg4 Rd8 36. Bb2+ Kxg6 37. Bxf5+ Kf7 38. Be5 Rd1+ 39.
Kg2 Rd2+ 40. Rxd2 Bxd2 41. Bc2 Be1 42. Kh3 Bd2 43. Bb3 Ke7 44. Kg2 Be1 45. h5
Bd2 46. Kf3 Bg5 47. Ke4 a4 48. Ba2 Bf6 49. Bxf6+ Kxf6 50. Bxe6 1-0

[Event "Bundesliga 2012-13"]
[Site "Emsdetten GER"]
[Date "2012.12.08"]
[Round "5"]
[White "Ernst, S."]
[Black "Ipatov, Alexander"]
[Result "1/2-1/2"]
[WhiteElo "2554"]
[BlackElo "2591"]
[PlyCount "54"]
[EventDate "2012.10.20"]
[EventType "team"]
[SourceDate "1999.07.01"]
[WhiteTeam "Hamburger SK"]
[BlackTeam "SK Turm Emsdetten"]

1. d4 d5 2. c4 c6 3. Nf3 Nf6 4. Nc3 dxc4 5. a4 Bf5 6. Ne5 Na6 7. e3 Nb4 8. Bxc4
e6 9. O-O Bd6 10. Qf3 Qc7 11. e4 Bg6 12. Bf4 Bxe5 13. Bxe5 Qe7 14. Qe2 O-O 15.
Kh1 Nd7 16. Bg3 f6 17. f4 f5 18. Rae1 Rae8 19. Qd2 Kh8 20. a5 b5 21. axb6 Nxb6
22. Bb3 Qd7 23. Na4 Nxa4 24. Bxa4 a5 25. exf5 exf5 26. Re5 Rxe5 27. fxe5 Bf7
1/2-1/2